Estadísticas para Códigos Postales de España por provincias

Haz click aquí para intentar la prueba.

Estadísticas generales

  • Esta prueba ha sido intentada 34 veces
  • La puntuación promedio es 51 de 52

Estadísticas de respuestas

ProvinciaCódigo Postal% Correcto
Cáceres10
100%
Castelló / Castellón12
100%
Coruña / A Coruña15
100%
Girona17
100%
Granada18
100%
Guadalajara19
100%
Madrid28
100%
Málaga29
100%
Murcia30
100%
Soria42
100%
Valencia46
100%
Bizkaia / Vizcaya48
100%
Zaragoza50
100%
Ceuta51
100%
Melilla52
100%
Cádiz11
97%
Ciudad Real13
97%
Córdoba14
97%
Cuenca16
97%
Gipuzkoa / Guipuzcoa20
97%
Huelva21
97%
Huesca22
97%
Jaén23
97%
León24
97%
Lleida / Lérida25
97%
La Rioja26
97%
Lugo27
97%
Navarra31
97%
Ourense / Orense32
97%
Asturias33
97%
Palencia34
97%
Las Palmas35
97%
Pontevedra36
97%
Salamanca37
97%
S.C Tenerife38
97%
Segovia40
97%
Sevilla41
97%
Tarragona43
97%
Teruel44
97%
Toledo45
97%
Valladolid47
97%
Zamora49
97%
Araba/Álava01
94%
Albacete02
94%
Almeria04
94%
Ávila05
94%
Badajoz06
94%
Illes Balears / Islas Baleares07
94%
Barcelona08
94%
Burgos09
94%
Cantabria39
94%
Alacant / Alicante03
91%

Distribución de puntuación

Porcentaje por número respondido

Porcentaje de gente con cada puntuación

Historial de tus puntuaciones

No has intentado esta prueba.